Sapikkappetta cambal / (Record no. 1120077)
[ view plain ]
| 000 -LEADER | |
|---|---|
| fixed length control field | 01192nam a2200313 a 4500 |
| 001 - CONTROL NUMBER | |
| control field | vtls001672666 |
| 003 - CONTROL NUMBER IDENTIFIER | |
| control field | NLI |
| 005 - DATE AND TIME OF LATEST TRANSACTION | |
| control field | 20210628145832.0 |
| 008 - FIXED-LENGTH DATA ELEMENTS--GENERAL INFORMATION | |
| fixed length control field | 130206s1968 ii 000 0 mal |
| 020 ## - INTERNATIONAL STANDARD BOOK NUMBER | |
| Terms of availability | Rs. 3.75 |
| 039 #9 - LEVEL OF BIBLIOGRAPHIC CONTROL AND CODING DETAIL [OBSOLETE] | |
| -- | 201302061542 |
| -- | VLOAD |
| 040 0# - CATALOGING SOURCE | |
| Original cataloging agency | NLI |
| Language of cataloging | eng |
| Transcribing agency | ENTERTECH - MALAYALAM |
| Description conventions | AACR2 |
| 041 1# - LANGUAGE CODE | |
| Language code of text/sound track or separate title | mal |
| 044 ## - COUNTRY OF PUBLISHING/PRODUCING ENTITY CODE | |
| MARC country code | ii |
| 082 04 - DEWEY DECIMAL CLASSIFICATION NUMBER | |
| Classification number | 364.95 |
| 100 0# - MAIN ENTRY--PERSONAL NAME | |
| Linkage | 880-01 |
| Personal name | Tarunkumar Bhaduri |
| 9 (RLIN) | 1104674 |
| 245 10 - TITLE STATEMENT | |
| Linkage | 880-02 |
| Title | Sapikkappetta cambal / |
| Statement of responsibility, etc. | Tarunkumar Bhaduri ; translated by Ravi Varma |
| 260 ## - PUBLICATION, DISTRIBUTION, ETC. | |
| Linkage | 880-03 |
| Place of publication, distribution, etc. | Kottayam : |
| Name of publisher, distributor, etc. | S. P. C. S., |
| Date of publication, distribution, etc. | 1968 |
| 300 ## - PHYSICAL DESCRIPTION | |
| Extent | 230 p. ; |
| Dimensions | 18 cm. |
| 650 #0 - SUBJECT ADDED ENTRY--TOPICAL TERM | |
| Topical term or geographic name entry element | Suicide |
| 9 (RLIN) | 677135 |
| 700 1# - ADDED ENTRY--PERSONAL NAME | |
| Personal name | Varma, Ravi, |
| Relationship | trl |
| 9 (RLIN) | 1014117 |
| 880 0# - ALTERNATE GRAPHIC REPRESENTATION | |
| Linkage | 100-01/(B |
| a | തരുണ്കുമാര് ഭാദുരി |
| 880 10 - ALTERNATE GRAPHIC REPRESENTATION | |
| Linkage | 245-02/(B |
| a | ശപിക്കപ്പെട്ട ജന്മങ്ങള് / |
| c | തരുണ്കുമാര് ഭാദുരി ട്രാന്സ്ലേറ്റഡ് ബൈ രവി വര്മ്മ |
| 880 ## - ALTERNATE GRAPHIC REPRESENTATION | |
| Linkage | 260-03/(B |
| a | കോട്ടയം |
| b | എസ്. പി. സി. എസ്., |
| c | 1968 |
| 887 ## - NON-MARC INFORMATION FIELD | |
| Content of non-MARC field | |
| 901 ## - LOCAL DATA ELEMENT A, LDA (RLIN) | |
| a | 11188 |
| b | 04.01.1969 |
| 902 ## - LOCAL DATA ELEMENT B, LDB (RLIN) | |
| a | Mal 364. 95 T 314 s |
| 942 ## - ADDED ENTRY ELEMENTS (KOHA) | |
| Source of classification or shelving scheme | Dewey Decimal Classification |
| Koha item type | Books |
| Withdrawn status | Lost status | Damaged status | Not for loan | Collection code | Home library | Current library | Shelving location | Date acquired | Total Checkouts | Full call number | Date last seen | Price effective from | Koha item type |
|---|---|---|---|---|---|---|---|---|---|---|---|---|---|
| Malayalam | National Library of India | National Library of India | Mal 364. 95 T 314 s | 28/06/2021 | 28/06/2021 | Books |
